Camino / (Record no. 60408)

MARC details
000 -LEADER
campo de control de longitud fija 00581nam a2200205 i 4500
001 - NÚMERO DE CONTROL
campo de control 60408
003 - IDENTIFICADOR DE NÚMERO DE CONTROL
campo de control ES-MaACL
005 - FECHA Y HORA DE LA ÚLTIMA TRANSACCIÓN
campo de control 20250325091442.0
007 - CAMPO FIJO DE DESCRIPCIÓN FÍSICA--INFORMACIÓN GENERAL
campo de control de longitud fija t|
008 - DATOS DE LONGITUD FIJA--INFORMACIÓN GENERAL
campo de control de longitud fija 031104s1950 sp ||||1| spa d
080 ## - NÚMERO DE LA CLASIFICACIÓN DECIMAL UNIVERSAL
Número de la Clasificación Decimal Universal 242
100 0# - ENTRADA PRINCIPAL--NOMBRE DE PERSONA
Nombre de persona Josemaría Escrivá de Balaguer,
Títulos y otros términos asociados al nombre Santo
9 (RLIN) 66981
245 10 - MENCIÓN DEL TÍTULO
Título Camino /
Mención de responsabilidad, etc. José María Escrivá.
250 ## - MENCION DE EDICION
Mención de edición 6ª ed.
260 ## - PUBLICACIÓN, DISTRIBUCIÓN, ETC.
Lugar de publicación, distribución, etc. Madrid :
Nombre del editor, distribuidor, etc. [Rialp,
Fecha de publicación, distribución, etc. 1950] (
Fabricante Afrodisio Aguado)
300 ## - DESCRIPCIÓN FÍSICA
Extensión 453 p., 1 lám. ;
Dimensiones 12 cm.
650 04 - PUNTO DE ACCESO ADICIONAL DE MATERIA--TÉRMINO DE MATERIA
Término de materia o nombre geográfico como elemento de entrada Meditaciones.
9 (RLIN) 14983
852 ## - LOCALIZACIÓN
Ubicación ES-MaACL
Número de control de estantería D-6735
Sublocalización o colección R.30473
Holdings
Estatus retirado Estado de pérdida Estado de daño No para préstamo Biblioteca de origen Biblioteca actual Ubicación en estantería Fecha de adquisición Fuente de adquisición Total de préstamos Signatura topográfica completa Código de barras Visto por última vez Precio de reemplazo Tipo de ítem Koha
        Biblioteca del Ateneo de Madrid Biblioteca del Ateneo de Madrid Sala Valle Inclán 17/01/2008     D-6735 901063358 23/02/2023 23/02/2023 Libro impreso